Best small and worst big football nations - Statistics

General Stats
  • This quiz has been taken 1,108 times
  • The average score is 9 of 20
Answer Stats
Score Country % Correct
-141 Indonesia
72%
-188 Pakistan
72%
-175 Bangladesh
67%
118 Croatia
67%
105 Iceland
61%
93 Denmark
59%
116 Uruguay
59%
84 Portugal
52%
85 Switzerland
52%
-126 Philippines
49%
-130 Ethiopia
47%
91 Slovenia
46%
-132 Myanmar
39%
-113 Afghanistan
38%
83 Panama
29%
-142 Sri Lanka
27%
-123 Nepal
26%
95 Montenegro
20%
-129 Somalia
20%
94 Cape verde
7%
No matching quizzes found
Score Distribution
Percent of People with Each Score
Percentile by Number Answered
Your Score History
You have not taken this quiz